000 00779nam a2200193Ia 4500
008 180921t2016 xxu||||| |||| 00| 0 sin d
041 _asin
080 _a781
_bKIV
100 _aRupaha Sumanajothi himi
_eed.
245 _aකිවියර යතිවර නිමැවුම් පෙලහර : රඹුකන සිද්ධාර්ථ මාහිමි සාලිස් වසරක නිර්මාණ
246 _aKiviyara Yatiwara Nimaum Pelahara :Rabuka Siddhartha Mahimi Salis Wasaraka Nirmana
260 _bSansare Api Mitra Samagama
_aPannipitiya
_c2016
300 _b295p, 25cm
700 _aUpul Ranjith Hewavithana Gamage
_eed.
700 _aWattawe Dhammananda himi
_eed.
942 _cBK
999 _c3005
_d3005
003 LK-CoDNM
040 _aLK-CoDNM
_dLK-CoDNM
_eLK-CoDNM